|
|
|
|
| LEADER |
00000nab a2200000 a 4500 |
| 001 |
vtls011736753 |
| 003 |
SK-MaSNL |
| 005 |
20260318122124.0 |
| 008 |
180116c2017 xo zr p ||00 c0ukr |
| 015 |
|
|
|a SNBRB2018/01
|
| 038 |
|
|
|a SVKPOCL
|
| 040 |
|
|
|a SVKPOCL
|b slo
|c SVKPOCL
|e AACR2
|
| 041 |
0 |
|
|a ukr
|
| 044 |
|
|
|a xo
|c SK
|
| 080 |
|
|
|a (084.1)
|2 2011
|
| 080 |
|
|
|a 793.7(084.1)-053.2
|2 2011
|
| 080 |
|
|
|a 316.346.32-053.2
|2 2011
|
| 080 |
|
|
|a 37.016:159.931/.936
|2 2011
|
| 100 |
1 |
|
|a Citriaková, Zdenka,
|d 1990-
|4 aut
|9 174528
|
| 245 |
1 |
0 |
|a V takij derevjanij nadobi, kolўs' našў babkў vўrobljaly ...
|c [Zdenka Citrjakova] ; [ilustratorka Eva Ilkovičova]
|
| 246 |
3 |
3 |
|a V takij derevjanij nadobi, kolŷs' našŷ babkŷ vŷrobljaly ...
|
| 300 |
|
|
|b Obr.
|
| 500 |
|
|
|a V rubrike Djit'skў hrў z Kolўsajkom Jak s'a to nazўvať?
|
| 650 |
0 |
7 |
|a hry
|2 SNKPH
|9 1856
|
| 650 |
0 |
7 |
|a krížovky
|2 svkpocl
|9 3313
|
| 650 |
0 |
7 |
|a didaktické hry
|2 SNKPH
|9 63297
|
| 650 |
0 |
7 |
|a hry pre deti
|2 svkpocl
|9 629849
|
| 700 |
1 |
|
|a Potfajová, Eva,
|d 1952-
|4 ill
|9 262314
|
| 773 |
0 |
|
|t Kolўsočka : dvojmisjačnўj časopys pro rusyn'skў djity
|g Roč. I, č. 3-4 (2017), s. 7
|x 2585-7045
|
| 852 |
|
|
|a SVKPO
|b KIS3GCP
|
| 856 |
4 |
2 |
|y Elektronický archív časopisu je na: https://issuu.com/www.rusinskyjazyk.sk/docs/kolysocka_3-4
|
| 958 |
|
|
|a RN
|
| 958 |
|
|
|a SK
|
| 958 |
|
|
|a SS
|
| 999 |
|
|
|c 3269331
|d 3271261
|